000 00726cam a2200241 4500
001 J775
008 090401t1992 xxu||||| |||| 00| 0 eng d
035 _a(Sirsi) u76633
041 _aeng
050 _a306.1
100 _aAdair, A.
245 _aNorthern Ireland property market analysis project (NIPMAP). - Report no.30 (January-March 1992) ; Report no. 32 (July-September 1992) - Report n. 33 (October-December 1992)
260 _aNewtownabbey
_bUniversity of Ulster
_c1992
300 _a3 pt. ; 30cm.
350 _a0
520 _aPublished quarterly
650 _aHOUSE PRICES
650 _aNORTHERN IRELAND
650 _aPROPERTY MARKET
700 _aMcGreal, Stanley
942 _n0
948 _c04/03/1997
999 _c96219
_d96219